[Event "DEN-ch Blitz final Gr 2"]
[Site "Svendborg"]
[Date "2016.03.25"]
[Round "3"]
[White "Pedersen, Daniel Vesterbaek"]
[Black "Borbjerggaard, Lars"]
[Result "1-0"]
[WhiteElo "2268"]
[BlackElo "2308"]
[PlyCount "68"]
[EventDate "2016.03.25"]
[EventType "tourn (blitz)"]
[EventRounds "7"]
[EventCountry "DEN"]
[SourceTitle "EXT 2023"]
[Source "ChessBase"]
[SourceDate "2022.10.05"]
[SourceVersion "1"]
[SourceVersionDate "2022.10.05"]
[SourceQuality "1"]

1. e4 d5 2. exd5 Nf6 3. d4 Bg4 4. f3 Bf5 5. c4 e6 6. dxe6 Nc6 7. Be3 Nb4 8. exf7+ Kxf7 9. Na3 c5 10. g4 Bg6 11. g5 Nh5 12. d5 Bd6 13. Bh3 Nf4 14. Bxf4 Bxf4 15. Be6+ Ke7 16. h4 Qd6 17. Ne2 Bg3+ 18. Kf1 Rhf8 19. Kg2 Rxf3 20. Kxf3 Rf8+ 21. Kg2 Be4+ 22. Kh3 Nd3 23. Qxd3 Bxd3 24. Nxg3 Rf3 25. Rhg1 Qf4 26. Rae1 Kd8 27. Bg4 Bf5 28. Bxf5 Qxf5+ 29. Kh2 Qf4 30. Re4 Rf2+ 31. Rg2 Rxg2+ 32. Kxg2 Qd2+ 33. Re2 Qd4 34. Nb5 Qxc4 1-0

[Event "Oberliga Nord N 1213"]
[Site "Germany"]
[Date "2012.10.14"]
[Round "1.2"]
[White "Maass, Joerg"]
[Black "Borbjerggaard, Lars"]
[Result "0-1"]
[WhiteElo "2165"]
[BlackElo "2315"]
[PlyCount "102"]
[EventDate "2012.10.14"]
[EventType "team-tourn"]
[EventRounds "9"]
[EventCountry "GER"]
[SourceTitle "EXT 2015"]
[Source "ChessBase"]
[SourceDate "2014.11.20"]
[SourceVersion "1"]
[SourceVersionDate "2014.11.20"]
[SourceQuality "1"]
[WhiteTeam "Neumuenster Agon"]
[BlackTeam "Preetz"]
[WhiteTeamCountry "GER"]
[BlackTeamCountry "GER"]

1. d4 Nf6 2. c4 g6 3. Nc3 Bg7 4. e4 d6 5. Bg5 0-0 6. Qd2 Nbd7 7. f4 h6 8. Bh4 e5 9. dxe5 Nxe4 10. Bxd8 Nxd2 11. Bxc7 Nxf1 12. Kxf1 dxe5 13. Bd6 exf4 14. Bxf8 Kxf8 15. Rd1 Nf6 16. Nf3 Be6 17. Ne5 Rc8 18. Kf2 Rc5 19. Nd3 Rxc4 20. h3 Nd7 21. Rhe1 Bd4+ 22. Kf3 Be3 23. Rxe3 fxe3 24. Kxe3 Nb6 25. Nf4 Rc6 26. Rd8+ Ke7 27. Rb8 Rc7 28. Nb5 Rd7 29. Nxa7 Bxa2 30. Nc8+ Nxc8 31. Rxc8 g5 32. Nd3 Bd5 33. g3 Rd8 34. Rc5 Kd6 35. b4 Re8+ 36. Kd2 Re4 37. Rc8 h5 38. Rh8 h4 39. Rh6+ Re6 40. Rh8 Bc4 41. gxh4 gxh4 42. Rxh4 b5 43. Rd4+ Ke7 44. Nf4 Ra6 45. Ke3 Kf6 46. h4 Kf5 47. Nd5 Ra3+ 48. Kd2 Ke5 49. Rxc4 bxc4 50. Nc3 Rb3 51. b5 Kf4 0-1

[Event "DEN-chT 1011 49th"]
[Site "Denmark"]
[Date "2011.02.20"]
[Round "7.5"]
[White "Lindfeldt, Jan Magnus"]
[Black "Borbjerggaard, Lars"]
[Result "1/2-1/2"]
[WhiteElo "2225"]
[BlackElo "2338"]
[PlyCount "53"]
[EventDate "2010.11.06"]
[EventType "team-tourn"]
[EventRounds "9"]
[EventCountry "DEN"]
[SourceTitle "EXT 2012"]
[Source "ChessBase"]
[SourceDate "2011.11.24"]
[SourceVersion "1"]
[SourceVersionDate "2011.11.24"]
[SourceQuality "1"]
[WhiteTeam "Copenhagen 68"]
[BlackTeam "Sydostfyn"]
[WhiteTeamCountry "DEN"]
[BlackTeamCountry "DEN"]

1. e4 d5 2. exd5 Nf6 3. Nf3 Nxd5 4. d4 g6 5. c4 Nb6 6. Nc3 Bg7 7. c5 Nd5 8. Bc4 c6 9. 0-0 0-0 10. Re1 Bg4 11. Bg5 Nf6 12. d5 h6 13. Bh4 g5 14. Bg3 cxd5 15. Nxd5 Nxd5 16. Bxd5 Nc6 17. Bxc6 bxc6 18. Qxd8 Rfxd8 19. Rxe7 Bxb2 20. Rae1 Be6 21. h4 gxh4 22. Nxh4 Rd5 23. Rc7 Rxc5 24. Ng6 Ra5 25. Rxe6 fxe6 26. Ne7+ Kh8 27. Ng6+ 1/2-1/2

[Event "DEN-chT 1011 49th"]
[Site "Denmark"]
[Date "2011.01.30"]
[Round "6.5"]
[White "Hagen, Andreas Skytte"]
[Black "Borbjerggaard, Lars"]
[Result "1/2-1/2"]
[WhiteElo "2290"]
[BlackElo "2338"]
[PlyCount "52"]
[EventDate "2010.11.06"]
[EventType "team-tourn"]
[EventRounds "9"]
[EventCountry "DEN"]
[SourceTitle "EXT 2012"]
[Source "ChessBase"]
[SourceDate "2011.11.24"]
[SourceVersion "1"]
[SourceVersionDate "2011.11.24"]
[SourceQuality "1"]
[WhiteTeam "Valby K41"]
[BlackTeam "Sydostfyn"]
[WhiteTeamCountry "DEN"]
[BlackTeamCountry "DEN"]

1. c4 c5 2. g3 g6 3. Bg2 Bg7 4. Nc3 Nc6 5. Nf3 Nf6 6. 0-0 0-0 7. d4 d6 8. d5 Na5 9. Nd2 a6 10. Qc2 Rb8 11. Rb1 b5 12. b3 e5 13. Bb2 Nh5 14. Ba1 b4 15. Nd1 Nb7 16. e3 f5 17. f4 Qe7 18. Nf2 Bd7 19. Rbe1 Rbe8 20. Nd3 e4 21. Nf2 g5 22. Bxg7 Qxg7 23. Qd1 g4 24. Qa1 a5 25. Qxg7+ Kxg7 26. a4 Nf6 1/2-1/2

[Event "DEN-chT 1011 49th"]
[Site "Denmark"]
[Date "2011.01.16"]
[Round "5.6"]
[White "Borbjerggaard, Lars"]
[Black "Rendboe, John Filip"]
[Result "1/2-1/2"]
[WhiteElo "2338"]
[BlackElo "2280"]
[PlyCount "35"]
[EventDate "2010.11.06"]
[EventType "team-tourn"]
[EventRounds "9"]
[EventCountry "DEN"]
[SourceTitle "EXT 2012"]
[Source "ChessBase"]
[SourceDate "2011.11.24"]
[SourceVersion "1"]
[SourceVersionDate "2011.11.24"]
[SourceQuality "1"]
[WhiteTeam "Sydostfyn"]
[BlackTeam "Aarhus/Skolerne"]
[WhiteTeamCountry "DEN"]
[BlackTeamCountry "DEN"]

1. d4 Nf6 2. Nf3 d5 3. c4 c6 4. cxd5 cxd5 5. Nc3 Nc6 6. Bf4 Bf5 7. Rc1 e6 8. Qb3 Qb6 9. Qxb6 axb6 10. e3 Be7 11. Bb5 0-0 12. Ke2 Ne4 13. a3 Nd6 14. Bxd6 Bxd6 15. Nd2 Rfc8 16. Bd3 Bxd3+ 17. Kxd3 Kf8 18. Rc2 1/2-1/2

[Event "DEN-chT 1011 49th"]
[Site "Denmark"]
[Date "2011.01.15"]
[Round "4.6"]
[White "Nielsen, John Bauneborg"]
[Black "Borbjerggaard, Lars"]
[Result "0-1"]
[WhiteElo "2148"]
[BlackElo "2338"]
[PlyCount "58"]
[EventDate "2010.11.06"]
[EventType "team-tourn"]
[EventRounds "9"]
[EventCountry "DEN"]
[SourceTitle "EXT 2012"]
[Source "ChessBase"]
[SourceDate "2011.11.24"]
[SourceVersion "1"]
[SourceVersionDate "2011.11.24"]
[SourceQuality "1"]
[WhiteTeam "Norresundby"]
[BlackTeam "Sydostfyn"]
[WhiteTeamCountry "DEN"]
[BlackTeamCountry "DEN"]

1. d4 Nf6 2. c4 g6 3. Nc3 Bg7 4. g3 0-0 5. Bg2 d6 6. e3 c5 7. Nge2 Nc6 8. 0-0 Bd7 9. b3 a6 10. Bb2 Rb8 11. Qd2 cxd4 12. Nxd4 Qa5 13. Nxc6 Bxc6 14. e4 Nxe4 15. Bxe4 Bxe4 16. Rae1 Bc6 17. Rxe7 Rfe8 18. Rfe1 Rxe7 19. Rxe7 Be5 20. Qe3 Qd8 21. Rxe5 dxe5 22. Nd5 Bxd5 23. Qxe5 f6 24. Qxd5+ Qxd5 25. cxd5 Kf7 26. Ba3 Rc8 27. Bb4 Rc2 28. a3 Rb2 29. d6 Ke6 0-1

[Event "DEN-chT 1011 49th"]
[Site "Denmark"]
[Date "2010.12.05"]
[Round "3.5"]
[White "Borbjerggaard, Lars"]
[Black "Hove, Esben Kjems"]
[Result "1-0"]
[WhiteElo "2338"]
[BlackElo "2258"]
[PlyCount "129"]
[EventDate "2010.11.06"]
[EventType "team-tourn"]
[EventRounds "9"]
[EventCountry "DEN"]
[SourceTitle "EXT 2012"]
[Source "ChessBase"]
[SourceDate "2011.11.24"]
[SourceVersion "1"]
[SourceVersionDate "2011.11.24"]
[SourceQuality "1"]
[WhiteTeam "Sydostfyn"]
[BlackTeam "Nordkalotten"]
[WhiteTeamCountry "DEN"]
[BlackTeamCountry "DEN"]

1. d4 d5 2. c4 c6 3. Nf3 Nf6 4. cxd5 cxd5 5. Nc3 Nc6 6. Bf4 Bf5 7. Rc1 a6 8. Ne5 Rc8 9. e3 Qb6 10. Qd2 e6 11. f3 Nxe5 12. Bxe5 Nd7 13. Bg3 Bb4 14. a3 Bxc3 15. Rxc3 0-0 16. Be2 Rc6 17. Kf2 Rfc8 18. Rhc1 f6 19. b4 Bg6 20. Qb2 Be8 21. a4 Nf8 22. b5 axb5 23. axb5 Rxc3 24. Rxc3 Qd8 25. Qb4 Rxc3 26. Qxc3 Nd7 27. Bd6 Kf7 28. Ba3 Nb6 29. Qc5 Bd7 30. Bb4 Nc8 31. g4 b6 32. Qc2 g6 33. h4 Na7 34. Qa4 Qc7 35. Kg2 Nc8 36. Ba3 Qc3 37. Kf2 e5 38. Qa8 Ke6 39. Qa4 exd4 40. exd4 f5 41. g5 Kf7 42. Qb4 Qxb4 43. Bxb4 Na7 44. Bd6 Bxb5 45. Bb8 Nc6 46. Bxb5 Nxb8 47. Ke3 Ke7 48. Kf4 Nd7 49. h5 Nf8 50. hxg6 hxg6 51. Ke5 Ne6 52. f4 Nc7 53. Bc6 b5 54. Bxd5 Na6 55. Bc6 b4 56. Ba4 Nb8 57. Kd5 Nd7 58. Bxd7 Kxd7 59. Kc4 Kd6 60. Kxb4 Kd5 61. Kc3 Ke4 62. Kc4 Kxf4 63. d5 Ke5 64. Kc5 f4 65. d6 1-0

[Event "DEN-chT 0708"]
[Site "Denmark"]
[Date "2008.01.13"]
[Round "5.2"]
[White "Pedersen, Nicolai Vesterbaek"]
[Black "Borbjerggaard, Lars"]
[Result "1/2-1/2"]
[WhiteElo "2454"]
[BlackElo "2376"]
[PlyCount "41"]
[EventDate "2007.11.10"]
[EventType "team-tourn"]
[EventRounds "9"]
[EventCountry "DEN"]
[SourceTitle "EXT 2023"]
[Source "ChessBase"]
[SourceDate "2022.10.05"]
[SourceVersion "1"]
[SourceVersionDate "2022.10.05"]
[SourceQuality "1"]
[WhiteTeam "Aalborg"]
[BlackTeam "Sydostfyn"]
[WhiteTeamCountry "DEN"]
[BlackTeamCountry "DEN"]

1. e4 d5 2. exd5 Nf6 3. Nf3 Nxd5 4. d4 g6 5. c4 Nb6 6. c5 Nd5 7. Bc4 Bg7 8. Qb3 c6 9. Nc3 0-0 10. 0-0 Nxc3 11. bxc3 b5 12. Bd3 Be6 13. Qc2 Nd7 14. a4 a6 15. Re1 Bd5 16. Bg5 Re8 17. axb5 axb5 18. Nd2 Nf6 19. Rxa8 Qxa8 20. Nf1 e5 21. Be3 1/2-1/2

[Event "San Marino op 2nd"]
[Site "San Marino"]
[Date "2006.06.11"]
[Round "9"]
[White "Borbjerggaard, Lars"]
[Black "Shengelia, Davit"]
[Result "0-1"]
[WhiteElo "2375"]
[BlackElo "2556"]
[PlyCount "44"]
[EventDate "2006.06.03"]
[EventType "swiss"]
[EventRounds "9"]
[EventCountry "SMR"]
[SourceTitle "CBM 112 Extra"]
[Source "ChessBase"]
[SourceDate "2006.07.14"]
[SourceVersion "1"]
[SourceVersionDate "2006.07.14"]
[SourceQuality "1"]

1. d4 Nf6 2. Bg5 Ne4 3. Bf4 d5 4. f3 Nf6 5. e4 e6 6. Bd3 c5 7. c3 Nc6 8. Na3 cxd4 9. cxd4 dxe4 10. fxe4 Bb4+ 11. Kf1 Bxa3 12. bxa3 Nxd4 13. Qa4+ Nc6 14. Rd1 0-0 15. e5 Nd5 16. Nf3 Bd7 17. Bg5 Qb6 18. Qh4 g6 19. Qh6 Nxe5 20. Nxe5 f6 21. Nf7 fxg5 22. Bxg6 Bb5+ 0-1

[Event "San Marino op 2nd"]
[Site "San Marino"]
[Date "2006.06.10"]
[Round "8"]
[White "Sulskis, Sarunas"]
[Black "Borbjerggaard, Lars"]
[Result "1/2-1/2"]
[WhiteElo "2497"]
[BlackElo "2375"]
[PlyCount "109"]
[EventDate "2006.06.03"]
[EventType "swiss"]
[EventRounds "9"]
[EventCountry "SMR"]
[SourceTitle "CBM 112 Extra"]
[Source "ChessBase"]
[SourceDate "2006.07.14"]
[SourceVersion "1"]
[SourceVersionDate "2006.07.14"]
[SourceQuality "1"]

1. e4 d5 2. exd5 Nf6 3. Bb5+ Bd7 4. Bc4 Bg4 5. f3 Bc8 6. Nc3 Nbd7 7. b3 Nb6 8. Bb2 Nfxd5 9. Nxd5 Nxd5 10. Qe2 Bf5 11. 0-0-0 e6 12. g4 Bg6 13. h4 h5 14. g5 c6 15. Nh3 Qa5 16. a4 Bf5 17. Nf2 0-0-0 18. Ne4 a6 19. Rhe1 b5 20. Bxd5 cxd5 21. Ng3 Bg6 22. axb5 Qa2 23. d4 Bd6 24. Nf1 Rd7 25. b6 Kb7 26. Rd3 Rc8 27. Red1 Ba3 28. Bxa3 Qxa3+ 29. Kb1 Bxd3 30. Rxd3 Rd6 31. Qe5 Rxb6 32. Qf4 Rb5 33. Qc1 Qb4 34. Qd2 Qa3 35. Qc1 Qa5 36. Ne3 Rc3 37. Qd2 Rxd3 38. Qxd3 Qe1+ 39. Nd1 Qxh4 40. g6 fxg6 41. Nc3 Ra5 42. Kb2 Qe1 43. Na2 Qf2 44. Nc3 Qe1 45. Na2 Qg1 46. Qc3 Rxa2+ 47. Kxa2 Qf2 48. Kb1 h4 49. Qc5 h3 50. Qe7+ Kb8 51. Qf8+ Kb7 52. Qf7+ Ka8 53. Qf8+ Kb7 54. Qf7+ Kb8 55. Qe8+ 1/2-1/2

[Event "BL2-Nord 0506"]
[Site "Germany"]
[Date "2005.10.23"]
[Round "1.5"]
[White "Borbjerggaard, Lars"]
[Black "Schlemermeyer, Wilhelm"]
[Result "0-1"]
[WhiteElo "2375"]
[BlackElo "2327"]
[PlyCount "76"]
[EventDate "2005.10.23"]
[EventType "team-tourn"]
[EventRounds "9"]
[EventCountry "GER"]
[SourceTitle "EXT 2007"]
[Source "ChessBase"]
[SourceDate "2006.11.23"]
[SourceVersion "1"]
[SourceVersionDate "2006.11.23"]
[SourceQuality "1"]
[WhiteTeam "Preetz"]
[BlackTeam "Kreuzberg II"]
[WhiteTeamCountry "GER"]
[BlackTeamCountry "GER"]

1. d4 g6 2. Nf3 Bg7 3. c4 d6 4. Bg5 c5 5. e3 Bg4 6. Be2 cxd4 7. exd4 Nc6 8. Nbd2 Qa5 9. 0-0 Bxf3 10. Nxf3 Nxd4 11. Nxd4 Qxg5 12. Qa4+ Kf8 13. Rad1 Bxd4 14. Rxd4 Nf6 15. Bf3 Qc5 16. Rfd1 Kg7 17. b4 Qc7 18. Qb5 Rac8 19. Qg5 b6 20. h4 h6 21. Qe3 Rhd8 22. Be2 e6 23. g4 e5 24. R4d2 Qe7 25. f4 Qe6 26. g5 hxg5 27. hxg5 Nh7 28. fxe5 Re8 29. Rd5 dxe5 30. Rd7 Qf5 31. Rxa7 Nxg5 32. Kg2 Ne6 33. Rdd7 Nf4+ 34. Kg3 Rf8 35. Re7 Rce8 36. Rxe8 Rxe8 37. Bf3 Qg5+ 38. Kf2 Rh8 0-1

[Event "DEN-ch"]
[Site "Koge"]
[Date "2004.04.05"]
[Round "1.2"]
[White "Borbjerggaard, Lars"]
[Black "Berg, Klaus"]
[Result "0-1"]
[WhiteElo "2376"]
[BlackElo "2436"]
[PlyCount "76"]
[EventDate "2004.04.04"]
[EventType "k.o."]
[EventRounds "4"]
[EventCountry "DEN"]
[SourceTitle "CBM 099 Extra"]
[Source "ChessBase"]
[SourceDate "2004.05.04"]
[SourceVersion "1"]
[SourceVersionDate "2004.05.04"]
[SourceQuality "1"]

1. d4 d5 2. Bf4 c6 3. e3 Qb6 4. b3 Bf5 5. g4 Bg6 6. Bd3 e6 7. h4 c5 8. h5 Bxd3 9. Qxd3 cxd4 10. exd4 Bd6 11. Be3 Ne7 12. Ne2 Nbc6 13. 0-0 0-0 14. c3 a5 15. Nd2 Qa6 16. c4 e5 17. f4 exd4 18. Nxd4 Rad8 19. Rad1 Bc5 20. Qc3 Nxd4 21. Bxd4 Bxd4+ 22. Qxd4 dxc4 23. Qxc4 Qb6+ 24. Kg2 Nd5 25. Rde1 Ne3+ 26. Rxe3 Qxe3 27. Nf3 Rc8 28. Qd4 Rc2+ 29. Kg3 Qxd4 30. Nxd4 Rxa2 31. g5 Rd8 32. Rc1 Kf8 33. Nf5 Ra3 34. Rc7 Rxb3+ 35. Kg4 Rb6 36. Kh4 a4 37. g6 hxg6 38. h6 gxf5 0-1

[Event "BL2-Nord 0304"]
[Site "Germany"]
[Date "2004.??.??"]
[Round "?.7"]
[White "Ribic, Kasmir"]
[Black "Borbjerggaard, Lars"]
[Result "1-0"]
[WhiteElo "2295"]
[BlackElo "2385"]
[PlyCount "103"]
[EventDate "2003.10.??"]
[EventType "team-tourn"]
[EventRounds "9"]
[EventCountry "GER"]
[SourceTitle "CBM 100 Extra"]
[Source "ChessBase"]
[SourceDate "2004.07.06"]
[SourceVersion "2"]
[SourceVersionDate "2004.07.06"]
[SourceQuality "1"]
[WhiteTeam "Zehlendorf"]
[BlackTeam "Preetz"]
[WhiteTeamCountry "GER"]
[BlackTeamCountry "GER"]

1. d4 Nf6 2. Nf3 g6 3. Bg5 Bg7 4. Nbd2 d5 5. Bxf6 Bxf6 6. e4 dxe4 7. Nxe4 Bg7 8. Bc4 0-0 9. Qe2 c6 10. 0-0 Nd7 11. Rfe1 Nb6 12. Bb3 a5 13. a4 Nd5 14. Ne5 Qc7 15. Qf3 Bxe5 16. dxe5 Qxe5 17. Nc3 Qf5 18. Nxd5 cxd5 19. Qxf5 Bxf5 20. Rxe7 Rab8 21. Bxd5 Bxc2 22. Rc7 Bf5 23. h3 b5 24. b3 Rbc8 25. Rxc8 Rxc8 26. axb5 Be6 27. Bc6 Bxb3 28. Rxa5 Kf8 29. b6 Rxc6 30. b7 Rb6 31. Ra8+ Kg7 32. b8Q Rxb8 33. Rxb8 Bd5 34. Rb6 h5 35. Rd6 Be6 36. Kh2 Kf6 37. h4 Ke5 38. Rb6 Kf5 39. Kg3 Bd5 40. Rb5 Ke5 41. Rb8 Be6 42. Re8 Kf5 43. Ra8 Ke5 44. Ra5+ Bd5 45. f3 f6 46. Ra7 Be6 47. Kf2 Bc4 48. Re7+ Kf5 49. g4+ hxg4 50. fxg4+ Kf4 51. h5 f5 52. h6 1-0

[Event "Malaga op 6th"]
[Site "Malaga"]
[Date "2003.02.28"]
[Round "8"]
[White "Borbjerggaard, Lars"]
[Black "Cheparinov, Ivan"]
[Result "0-1"]
[WhiteElo "2383"]
[BlackElo "2478"]
[PlyCount "99"]
[EventDate "2003.02.21"]
[EventType "swiss"]
[EventRounds "9"]
[EventCountry "ESP"]
[SourceTitle "CBM 092 Extra"]
[Source "ChessBase"]
[SourceDate "2003.03.07"]
[SourceVersion "1"]
[SourceVersionDate "2003.03.07"]
[SourceQuality "1"]

1. d4 Nf6 2. Nf3 g6 3. c4 Bg7 4. Nc3 d6 5. Bg5 h6 6. Bh4 g5 7. Bg3 Nh5 8. e3 e6 9. Be2 Qe7 10. Qc2 Nc6 11. Nd2 Nxg3 12. hxg3 Bd7 13. a3 0-0-0 14. Bd3 f5 15. b4 Rdf8 16. Nb3 f4 17. b5 Nb8 18. e4 fxg3 19. fxg3 Rf7 20. Qd2 Rhf8 21. Nd1 c5 22. Qa5 cxd4 23. Rc1 Bc6 24. Qxa7 Qf6 25. Rf1 Qe5 26. Rxf7 Rxf7 27. bxc6 Qxg3+ 28. Kd2 Qxg2+ 29. Be2 Be5 30. Nxd4 Bf4+ 31. Ne3 Qxe4 32. Nb5 Nxc6 33. Qb6 Kb8 34. Nc3 Qd4+ 35. Qxd4 Nxd4 36. Kd3 Nb3 37. Rf1 Nc5+ 38. Kd2 Rf5 39. Bg4 Bxe3+ 40. Ke2 Rxf1 41. Kxf1 Kc7 42. Ke2 Bc1 43. Nb5+ Kd7 44. Bf3 Bb2 45. Ke3 Be5 46. Bg4 Bf4+ 47. Kd4 Be5+ 48. Ke3 Kc6 49. Na7+ Kb6 50. Nc8+ 0-1

[Event "DEN-chB"]
[Site "Greve"]
[Date "2002.03.30"]
[Round "5"]
[White "Borbjerggaard, Lars"]
[Black "Lund, Silas Esben"]
[Result "1-0"]
[WhiteElo "2368"]
[BlackElo "2333"]
[PlyCount "123"]
[EventDate "2002.03.26"]
[EventType "swiss"]
[EventRounds "7"]
[EventCountry "DEN"]
[SourceTitle "EXT 2007"]
[Source "ChessBase"]
[SourceDate "2006.11.23"]
[SourceVersion "1"]
[SourceVersionDate "2006.11.23"]
[SourceQuality "1"]

1. d4 e6 2. Nf3 d5 3. Bf4 Bd6 4. Bg3 Nf6 5. e3 Nbd7 6. Nbd2 Bxg3 7. hxg3 c5 8. c3 Qc7 9. Qa4 0-0 10. dxc5 Nxc5 11. Qf4 Qxf4 12. gxf4 Bd7 13. Ne5 Rfd8 14. g4 Nfe4 15. Nxe4 Nxe4 16. Bd3 h6 17. g5 hxg5 18. Bxe4 dxe4 19. 0-0-0 Be8 20. fxg5 f6 21. gxf6 Rxd1+ 22. Rxd1 gxf6 23. Nd7 Kf7 24. Nc5 Bc6 25. Nxb7 Ke7 26. Rh1 f5 27. Rh7+ Kf6 28. Na5 Be8 29. c4 Bf7 30. c5 e5 31. a3 f4 32. b4 Rg8 33. c6 a6 34. Nb7 Kg6 35. Rxf7 Kxf7 36. c7 Ke6 37. Nc5+ Kd5 38. Nxa6 Kc4 39. a4 Kc3 40. Kb1 Kb3 41. Nc5+ Kxb4 42. Nxe4 fxe3 43. fxe3 Rc8 44. Nf6 Kc5 45. Kc2 Rxc7 46. Kd3 Rf7 47. Ne4+ Kd5 48. Nc3+ Ke6 49. Kc4 Kd6 50. a5 Rc7+ 51. Kb4 Kc6 52. Kc4 Ra7 53. Kb4 Rh7 54. Kc4 Rh4+ 55. e4 Rh2 56. Nd5 Rc2+ 57. Kd3 Rc5 58. a6 Rc1 59. Ne3 Rc5 60. Nc4 Kc7 61. Kc3 Rb5 62. a7 1-0

[Event "DEN-chB"]
[Site "Greve"]
[Date "2002.03.28"]
[Round "3"]
[White "Borbjerggaard, Lars"]
[Black "Bromann, Thorbjorn"]
[Result "1/2-1/2"]
[WhiteElo "2368"]
[BlackElo "2344"]
[PlyCount "42"]
[EventDate "2002.03.26"]
[EventType "swiss"]
[EventRounds "7"]
[EventCountry "DEN"]
[SourceTitle "EXT 2007"]
[Source "ChessBase"]
[SourceDate "2006.11.23"]
[SourceVersion "1"]
[SourceVersionDate "2006.11.23"]
[SourceQuality "1"]

1. d4 d5 2. Nf3 Nc6 3. Bf4 Bf5 4. e3 e6 5. c4 Nf6 6. Nc3 Bd6 7. Bg5 Bb4 8. Rc1 0-0 9. a3 Bxc3+ 10. Rxc3 Ne7 11. Bxf6 gxf6 12. cxd5 Nxd5 13. Rc5 Qe7 14. g4 Be4 15. Bd3 Bxd3 16. Qxd3 Kh8 17. Qe4 Rad8 18. h4 b6 19. Rc2 c5 20. Ke2 Qb7 21. Ke1 Rd7 1/2-1/2

[Event "Rilton Cup 31st"]
[Site "Stockholm"]
[Date "2001.12.30"]
[Round "4"]
[White "Kolbus, Dietmar"]
[Black "Borbjerggaard, Lars"]
[Result "0-1"]
[WhiteElo "2307"]
[BlackElo "2369"]
[PlyCount "102"]
[EventDate "2001.12.27"]
[EventType "swiss"]
[EventRounds "9"]
[EventCountry "SWE"]
[SourceTitle "CBM 085 Extra"]
[Source "ChessBase"]
[SourceDate "2002.01.21"]
[SourceVersion "1"]
[SourceVersionDate "2002.01.21"]
[SourceQuality "1"]

1. c4 Nf6 2. Nc3 g6 3. e4 d6 4. d4 Bg7 5. Bd3 0-0 6. Nge2 c5 7. d5 e6 8. 0-0 exd5 9. exd5 Nfd7 10. f4 f5 11. Bd2 Nf6 12. Qc2 Bd7 13. Rae1 Na6 14. a3 Rb8 15. Kh1 Kh8 16. Ng1 Nc7 17. Nf3 h6 18. b4 cxb4 19. axb4 b5 20. Qb3 bxc4 21. Bxc4 Re8 22. Be3 a5 23. b5 Ne4 24. Nxe4 Rxe4 25. Nd2 a4 26. Qd3 Nxb5 27. Nxe4 fxe4 28. Qxe4 Bf5 29. Qf3 h5 30. Qf2 Qf6 31. Rb1 Bxb1 32. Rxb1 a3 33. Bxb5 Qc3 34. Rc1 Qb2 35. Bc4 Qxf2 36. Bxf2 Rc8 37. Be3 Bb2 38. Rc2 a2 39. Bxa2 Rxc2 40. g3 Bf6 41. Bb1 Re2 42. Bg1 Re1 43. Bxg6 Bd4 44. Kg2 Rxg1+ 45. Kh3 Rd1 46. Bxh5 Rd2 47. Bf7 Bg1 48. Be6 Bxh2 49. Bd7 Kg7 50. Be6 Bg1 51. g4 Bh2 0-1

[Event "Andorra op 19th"]
[Site "Andorra"]
[Date "2001.07.07"]
[Round "8"]
[White "Campos Moreno, Javier B"]
[Black "Borbjerggaard, Lars"]
[Result "1/2-1/2"]
[WhiteElo "2513"]
[BlackElo "2375"]
[PlyCount "104"]
[EventDate "2001.06.30"]
[EventType "swiss"]
[EventRounds "9"]
[EventCountry "AND"]
[SourceTitle "CBM 083 Extra"]
[Source "ChessBase"]
[SourceDate "2001.09.11"]
[SourceVersion "1"]
[SourceVersionDate "2001.09.11"]
[SourceQuality "1"]

1. d4 Nf6 2. c4 g6 3. Nc3 Bg7 4. e4 d6 5. f3 0-0 6. Be3 c5 7. Nge2 Nc6 8. d5 Ne5 9. Ng3 e6 10. Be2 exd5 11. cxd5 Re8 12. 0-0 a6 13. a4 h5 14. Qd2 Nh7 15. Bh6 h4 16. Bxg7 Kxg7 17. Nh1 g5 18. Nf2 Qf6 19. Ncd1 Nf8 20. Ng4 Qf4 21. Qxf4 gxf4 22. Nxe5 Rxe5 23. Nf2 Ng6 24. Nd3 Rg5 25. Kf2 Bd7 26. b4 cxb4 27. Nxb4 Ne5 28. a5 Kf6 29. Rg1 Rc8 30. Rac1 Rgg8 31. Rxc8 Rxc8 32. Ra1 Rc3 33. Ke1 h3 34. Kf2 hxg2 35. Kxg2 Rb3 36. Nc2 Rb2 37. Nd4 Rd2 38. Rd1 Rxd1 39. Bxd1 Nc4 40. Kf2 Nxa5 41. h4 Kg6 42. Ne2 Kh5 43. Nxf4+ Kxh4 44. Ng2+ Kg5 45. f4+ Kf6 46. Ke3 Ke7 47. Kd4 f6 48. Ne3 b5 49. e5 fxe5+ 50. fxe5 dxe5+ 51. Kxe5 Nb7 52. d6+ Nxd6 1/2-1/2

[Event "Andorra op 19th"]
[Site "Andorra"]
[Date "2001.07.06"]
[Round "7"]
[White "Borbjerggaard, Lars"]
[Black "Moreno Ruiz, Javier"]
[Result "1-0"]
[WhiteElo "2375"]
[BlackElo "2408"]
[PlyCount "103"]
[EventDate "2001.06.30"]
[EventType "swiss"]
[EventRounds "9"]
[EventCountry "AND"]
[SourceTitle "CBM 083 Extra"]
[Source "ChessBase"]
[SourceDate "2001.09.11"]
[SourceVersion "1"]
[SourceVersionDate "2001.09.11"]
[SourceQuality "1"]

1. d4 Nf6 2. c4 g6 3. Nc3 Bg7 4. Nf3 0-0 5. Bg5 d6 6. e3 c5 7. Be2 h6 8. Bh4 Bf5 9. Rc1 g5 10. Bg3 Ne4 11. Nxe4 Bxe4 12. 0-0 Nc6 13. d5 Nb4 14. a3 Na6 15. Bd3 Bxd3 16. Qxd3 f5 17. Rb1 Qd7 18. h4 f4 19. exf4 gxf4 20. Bh2 Qg4 21. Rfe1 Rf7 22. Qe4 Nc7 23. Kh1 Re8 24. b4 cxb4 25. axb4 a6 26. Rbc1 Qf5 27. Qxf5 Rxf5 28. Re4 b5 29. Bxf4 bxc4 30. Rcxc4 Nb5 31. Re6 Kh7 32. Be3 Rxd5 33. Rg4 Bf6 34. Rc4 Kg7 35. Rc6 Ra8 36. g4 Rd1+ 37. Kg2 Kf7 38. Re4 Bg7 39. g5 hxg5 40. Nxg5+ Ke8 41. Rb6 Bf6 42. Rb7 d5 43. Re6 Nd6 44. Rb6 Nf5 45. Nf3 Nxe3+ 46. fxe3 Rb1 47. Ne5 Rc8 48. Rec6 Rd8 49. Ng4 Bxh4 50. Rh6 Bf6 51. Nxf6+ exf6 52. Rb7 1-0